Macaronesia on a Map: Azores, Canaries, Cape Verde, and Madeira - Statistics

General Stats
  • This quiz has been taken 265 times
  • The average score is 11 of 25
Answers on the Map
Answers color-coded by a green-red scale on the quiz's map according to % correct below.
 
Answer Stats
Answer % Correct
Madeira
91%
Gran Canaria
84%
Tenerife
84%
Fuerteventura
65%
Lanzarote
65%
La Palma
57%
São Miguel
49%
La Gomera
46%
El Hierro
45%
Sal
43%
Pico
41%
Terceira
39%
Flores
38%
Porto Santo
38%
Faial
35%
Santa Maria
35%
São Jorge
33%
Santiago
31%
Boa Vista
29%
Fogo
26%
São Vicente
26%
Santo Antão
18%
São Nicolau
18%
Maio
16%
Deserta Grande
8%
No matching quizzes found
Score Distribution
Percent of People with Each Score
Percentile by Number Answered
Your Score History
You have not taken this quiz